[Event "AUTO-MASTER-2257"]
[Site "http://www.queenalice.com/game.php?id=1344582"]
[Date "2015.2.28"]
[Round "1"]
[White "JORGESILVA19D"]
[Black "RDario"]
[Result "1-0"]
[WhiteElo "2233"]
[BlackElo "2040"]

1. e4 d6 2. d4 Nd7 3. Nf3 h6 4. e5 g5 5. Bc4 dxe5 6. dxe5 e6 7. Qe2 Ne7 8. Nc3
Bg7 9. h3 Ng6 10. Bd2 Ndxe5 11. Bb3 Bd7 12. O-O-O Qe7 13. Nb5 Bc6 14. Nxe5 Bxe5
15. f3 a6 16. Nc3 O-O-O 17. a3 Qf6 18. Ba4 Bxa4 19. Nxa4 b5 20. c3 Nf4 21. Qe3
Nd3+ 22. Kb1 bxa4 23. Qa7 Rd6 24. Be3 Bxc3 25. Rxd3 Rxd3 26. Qxa6+ Kd8 27. Qxd3+
Ke7 28. Qxc3 e5 29. Qxc7+ Kf8 30. Rd1 Kg7 31. Rd7 Rf8 32. Bd2 Qf5+ 33. Ka1 Qe6
34. Bc3 Re8 35. Qd6 Qf5 36. Re7 Rxe7 37. Qxe7 Qd3 38. Qxe5+ Kf8 39. Bb4+ Kg8 40.
Qe8+ Kg7 41. Bc3+ Kg6 42. Qg8+ Kh5 43. Qxf7+ Kh4 44. Be1# 1-0

[Event "AUTO-MASTER-2257"]
[Site "http://www.queenalice.com/game.php?id=1344595"]
[Date "2015.2.28"]
[Round "1"]
[White "pomar"]
[Black "JORGESILVA19D"]
[Result "1-0"]
[WhiteElo "2155"]
[BlackElo "2262"]

1. f3 e5 2. Kf2 Ne7 3. e3 d5 4. d4 Ng6 5. dxe5 Nxe5 6. g3 Bc5 7. c3 O-O 8. b4
Bb6 9. a4 c6 10. Bb2 f5 11. Ne2 Qf6 12. a5 Bxe3+ 13. Kxe3 Nc4+ 14. Kf2 Nxb2 15.
Qd4 Qe7 16. Nf4 Be6 17. Nd2 Bf7 18. Re1 Qd7 19. c4 Nxc4 20. Nxc4 dxc4 21. Qc3 g5
22. Nh3 h6 23. Bxc4 Na6 24. Rd1 Qe7 25. Bxa6 bxa6 26. Rhe1 Qc7 27. Re5 Qc8 28.
Rd6 Kh7 29. Rxc6 Qd7 30. Rc7 Qa4 31. Qc4 Kg8 32. Ree7 Qa1 33. Rxf7 Qb2+ 34. Kg1
1-0

[Event "AUTO-MASTER-2257"]
[Site "http://www.queenalice.com/game.php?id=1344596"]
[Date "2015.2.28"]
[Round "1"]
[White "JORGESILVA19D"]
[Black "pomar"]
[Result "0-1"]
[WhiteElo "2247"]
[BlackElo "2181"]

1. e4 e6 2. d4 d5 3. e5 c5 4. Nf3 Qb6 5. a3 Nc6 6. Bd3 cxd4 7. O-O Nge7 8. Re1
Ng6 9. Nbd2 Qc7 10. Bxg6 hxg6 11. g3 f6 12. exf6 gxf6 13. Nb3 e5 14. Nfxd4 Kf7
15. Nf3 Be6 16. c3 Rd8 17. Be3 b6 18. Rc1 Bh6 19. Bxh6 Rxh6 20. Nbd2 Rdh8 21.
Nf1 Ne7 22. Qe2 Bh3 23. Ne3 f5 24. c4 d4 25. Nxd4 Bg4 26. Nf3 Bxf3 27. Qxf3 Rxh2
28. Ng4 e4 29. Rxe4 Rh1+ 30. Kg2 Rxc1 31. Ne5+ Kg7 32. Re2 Rhh1 33. Qa8 Rcg1+
34. Kf3 g5 35. b3 Rh8 0-1

[Event "AUTO-MASTER-2257"]
[Site "http://www.queenalice.com/game.php?id=1344605"]
[Date "2015.2.28"]
[Round "1"]
[White "JORGESILVA19D"]
[Black "franz_ferdinand"]
[Result "1-0"]
[WhiteElo "2224"]
[BlackElo "2145"]

1. e4 c5 2. Nf3 d6 3. d4 cxd4 4. Nxd4 Nf6 5. Nc3 a6 6. a4 e5 7. Nb3 Be6 8. Be2
Nc6 9. O-O Be7 10. Be3 d5 11. exd5 Nxd5 12. Nxd5 Qxd5 13. Qc1 O-O 14. h3 Bf5 15.
Rd1 Qe6 16. Nc5 Bxc5 17. Bxc5 Rfe8 18. c3 Qg6 19. Qe3 Be6 20. Rd6 Qc2 21. Bd3
Qb3 22. Qc1 Rad8 23. Ra3 Rxd6 24. Rxb3 Rxd3 25. Rxb7 Red8 26. Qg5 e4 27. Bd4 1-0

[Event "AUTO-MASTER-2257"]
[Site "http://www.queenalice.com/game.php?id=1344606"]
[Date "2015.2.28"]
[Round "1"]
[White "franz_ferdinand"]
[Black "JORGESILVA19D"]
[Result "0-1"]
[WhiteElo "2089"]
[BlackElo "2254"]

1. e4 d5 2. exd5 Nf6 3. c4 e6 4. dxe6 Bxe6 5. d4 c6 6. Nf3 Bd6 7. Be2 O-O 8. O-O
Nbd7 9. Nc3 Qb8 10. h3 b6 11. b3 h6 12. Bb2 Rd8 13. Qc2 Nf8 14. Rad1 Ng6 15. d5
cxd5 16. Nxd5 Ne8 17. Nd4 Bxd5 18. cxd5 Nf4 19. Nc6 Qc7 20. Bb5 Nxd5 21. Qf5 Ne7
22. Qg4 Nxc6 23. Rc1 Bc5 24. Bxc6 Qxc6 25. b4 Bxf2+ 26. Rxf2 Qd6 27. Re2 Nf6 28.
Qf5 Qd5 29. Qf4 Qg5 30. Qc7 Nd5 31. Qc4 Nf4 32. Rec2 Nxh3+ 33. Kh2 Nf4 34. Rf1
Qh5+ 35. Kg1 Nd3 36. Bd4 Qg6 37. Rd2 Ne5 38. Qc7 Ng4 39. Rf4 h5 40. Re2 Rxd4 41.
Rxf7 Qxf7 0-1

[Event "AUTO-OPEN-3330"]
[Site "http://www.queenalice.com/game.php?id=1350578"]
[Date "2015.3.29"]
[Round "2"]
[White "JORGESILVA19D"]
[Black "janeil"]
[Result "0-1"]
[WhiteElo "2232"]
[BlackElo "2450"]

1. e4 c5 2. Nf3 d6 3. d4 cxd4 4. Nxd4 Nf6 5. Nc3 a6 6. a4 e5 7. Nb3 Be6 8. Be2
Nc6 9. O-O Be7 10. Be3 O-O 11. Kh1 Rc8 12. f4 Nb4 13. f5 Bc4 14. Rf2 d5 15. exd5
Bxd5 16. Nxd5 Nfxd5 17. c3 Nxe3 18. Qxd8 Rfxd8 19. cxb4 Rc2 20. Kg1 Rxb2 21. Nc1
e4 22. b5 Bc5 23. bxa6 Nd1 0-1

[Event "AUTO-OPEN-3330"]
[Site "http://www.queenalice.com/game.php?id=1350579"]
[Date "2015.3.29"]
[Round "2"]
[White "janeil"]
[Black "JORGESILVA19D"]
[Result "1-0"]
[WhiteElo "2446"]
[BlackElo "2238"]

1. e4 d5 2. exd5 Nf6 3. d4 Nxd5 4. c4 Nf6 5. Nf3 Bg4 6. Be2 e6 7. Nc3 c6 8. h3
Bxf3 9. Bxf3 Be7 10. O-O O-O 11. a3 Nbd7 12. Bf4 Rc8 13. Re1 Re8 14. Bg3 a6 15.
d5 cxd5 16. cxd5 exd5 17. Nxd5 b5 18. Nxf6+ Bxf6 19. Rxe8+ Qxe8 20. Bg4 Rc4 21.
Bxd7 Qe4 22. Qd6 1-0